000
00254nam a22001097a 4500
082
_a
940.4
_b
CAL
100
_a
Callwell SIR CE
_9
50594
245
_a
The Dardanellles
526
_a
0
_b
0
_c
0
_d
940_400000000000000_CAL
650
_a
MCE
_9
379
942
_2
ddc
_c
BK
999
_c
553337
_d
553337